UBT Library

Integrated arithmetic and basic algebra / (Record no. 44266)

000 -LEADER
fixed length control field 00673cam a2200217 a 4500
001 - CONTROL NUMBER
control field 13503164
005 - DATE AND TIME OF LATEST TRANSACTION
control field 20180307035808.0
008 - FIXED-LENGTH DATA ELEMENTS--GENERAL INFORMATION
fixed length control field 040226s2005 maua 001 0 eng
010 ## - LIBRARY OF CONGRESS CONTROL NUMBER
LC control number 2004045966
020 ## - INTERNATIONAL STANDARD BOOK NUMBER
International Standard Book Number 0321132262 (pbk. : alk. paper)
040 ## - CATALOGING SOURCE
Original cataloging agency DLC
Transcribing agency DLC
Modifying agency DLC
041 ## - LANGUAGE CODE
Language code of text/sound track or separate title eng
080 ## - UNIVERSAL DECIMAL CLASSIFICATION NUMBER
Universal Decimal Classification number 513.12 JOR
082 00 - DEWEY DECIMAL CLASSIFICATION NUMBER
Classification number 513.12 JOR
Edition number 22
100 1# - Rafti
Rafti 36
101 ## - Shkurtesa
Shkurtesa MAT
245 10 - TITLE STATEMENT
Title Integrated arithmetic and basic algebra /
Statement of responsibility, etc Bill E. Jordan, William P. Palow.
906 ## - LOCAL DATA ELEMENT F, LDF (RLIN)
a 7
b cbc
c orignew
d 1
e ocip
f 20
g y-gencatlg
942 ## - ADDED ENTRY ELEMENTS (KOHA)
Source of classification or shelving scheme
Item type Books
Holdings
Withdrawn status Lost status Source of classification or shelving scheme Damaged status Not for loan Collection code Permanent location Current location Shelving location Date acquired Total Checkouts Full call number Barcode Date last seen Price effective from Koha item type
          Koleksioni i përgjithshem UBT - Lipjan UBT - Lipjan Koleksioni i përgjithshem 03/07/2018   513.12 JOR 002-3000968 03/07/2018 03/07/2018 Books
UBT Library © 2015-2024. All rights reserved University Education for Business and Technology